000 00725nam a2200217 a 4500
001 000045959
005 20240530073923.0
008 150603s2015 dr 000 f spa d
020 _a9789945082593
040 _aDO-SdBNP
_bspa
_cBNPHU
082 _aRD863.44
_bJ86v
100 1 _aJovine Bermúdez, Federico,
_d1944-2017
_925425
245 1 0 _aVuecencia /
_cFederico Jovine Bermúdez.
260 _aSanto Domingo :
_bAlambique de Letras,
_c2015.
300 _a238 p. ;
_c22 cm.
500 _aIncluye datos biográficos del autor en la solapa de la contracubierta
590 _aInventariado, 2019/VM
650 0 _aNovela dominicana
_9223
650 0 _aLiteratura dominicana.
_967
910 _aValidado. Control de calidad MFF
999 _c45448
_d45448